[Event "2015 Standard Chess Dropout Tournament, Round 5"]
[Site "SchemingMind.com"]
[Date "2016.04.19"]
[Round "5"]
[White "chesshub"]
[Black "John Elburg"]
[Result "1-0"]
[WhiteCountry "FRA"]
[BlackCountry "NED"]
[WhiteElo "2542"]
[WhiteRD "82"]
[BlackElo "2497"]
[BlackRD "111"]
[GameID "398205"]

1. d4 d5 2. c4 dxc4 3. e3 Nf6 4. Bxc4 e6 5. Nf3 c5 6. O-O a6 7. Bb3 b5 8. a4 b4 9. e4 Bb7 10. e5 Ne4
11. Nbd2 Nxd2 12. Bxd2 cxd4 13. Ng5 Nd7 14. f4 Nc5 15. f5 Nxb3 16. Qxb3 Qd5 17. Qh3 h6 18. Rf2 exf5 19. e6 hxg5 20. Qxh8 O-O-O
21. exf7 Qxf7 22. Bxg5 Re8 23. Qh4 Be4 24. Rc1+ Kb7 25. Bf4 Ka8 26. Rc7 Qe6 27. Qg3 g5 28. Qxg5 Bd3 29. Rc1 b3 30. h4 Bc2
31. h5 Be7 32. Qg3 Bf6 33. Rcxc2 bxc2 34. Rxc2 d3 35. Qf3+ Qe4 36. Rc4 Qxf3 37. gxf3 Bxb2 38. Kf2 Bh8 39. a5 Re2+ 40. Kg3 Rc2
41. Rb4 Rc8 42. Rb6 Bc3 43. Rxa6+ Kb7 44. Rd6 Rc4 45. a6+ Ka8 46. Rd8+ Ka7 47. Be3+ Kxa6 48. Rxd3 Be1+ 49. Kg2 Rh4 50. Rd6+ Kb5
51. Rd5+ Kc6 52. Rxf5 Kd7 53. Rb5 Ke6 54. Rc5 Kf7 55. h6 Kg6 56. Rc1 Ba5 57. Kg3 Ra4 58. Rc6+ Kh7 59. Bg5 Be1+ 60. Kg2 Ra7
61. f4 Rf7 62. Kf3 Ba5 63. Kg4 Bb4 64. f5 Bf8 65. Be3 Bb4 66. Kg5 Rb7 67. Bf4 Bf8 68. Be5 Rf7 69. f6 Ra7 70. Rc8 Rf7
71. Kf5 Ba3 72. Ke6
1-0

[Event "2015 Standard Chess Dropout Tournament, Round 5"]
[Site "SchemingMind.com"]
[Date "2016.04.18"]
[Round "5"]
[White "frankly"]
[Black "Brian_Jones"]
[Result "1/2-1/2"]
[WhiteCountry "ENG"]
[BlackCountry "AUS"]
[WhiteElo "2468"]
[WhiteRD "55"]
[BlackElo "2368"]
[BlackRD "119"]
[GameID "398206"]

1. e4 c5 2. Nf3 Nc6 3. d4 cxd4 4. Nxd4 Nf6 5. Nc3 e5 6. Ndb5 d6 7. Bg5 a6 8. Na3 b5 9. Nd5 Be7 10. Bxf6 Bxf6
11. c3 O-O 12. Nc2 Bg5 13. a4 bxa4 14. Rxa4 a5 15. Bc4 Rb8 16. Ra2 Kh8 17. Nce3 Bxe3 18. Nxe3 g6 19. h4 Ne7 20. h5 Ng8
21. Qd3 Nf6 22. h6 Bb7 23. f3 Nh5 24. Qd2 Nf4 25. Bd5=
1/2-1/2

[Event "2015 Standard Chess Dropout Tournament, Round 5"]
[Site "SchemingMind.com"]
[Date "2016.04.23"]
[Round "5"]
[White "gabeeg"]
[Black "thebirdolux"]
[Result "0-1"]
[WhiteCountry "USA"]
[BlackCountry "USA"]
[WhiteElo "2269"]
[WhiteRD "105"]
[BlackElo "2498"]
[BlackRD "97"]
[GameID "398207"]

1. d4 Nf6 2. c4 e6 3. g3 d5 4. Nf3 Be7 5. Bg2 O-O 6. O-O dxc4 7. Qc2 a6 8. a4 Bd7 9. Qxc4 Bc6 10. Bf4 Bd6
11. Bg5 Nbd7 12. Nc3 h6 13. Bxf6 Nxf6 14. a5 Qe7 15. Nh4 Bxg2 16. Kxg2 Rfc8 17. e4 b5 18. axb6 cxb6 19. Qd3 Qb7 20. f3 Rd8
21. Qe3 Bc7 22. Rfd1 b5 23. Kf2 Bb6 24. e5 Nd5 25. Qe4 Rac8 26. Ne2 a5 27. f4 Qe7 28. f5 Qb4 29. Rab1 a4 30. Qg4 Qb3
31. fxe6 Rc7 32. e7 Nxe7 33. Qe4 Qc2 34. Kf3 g5 35. Ng2 Qxe4+ 36. Kxe4 f5+ 37. exf6 Nd5 38. Ne3 Nxf6+
0-1

[Event "2015 Standard Chess Dropout Tournament, Round 5"]
[Site "SchemingMind.com"]
[Date "2016.04.23"]
[Round "5"]
[White "kibic"]
[Black "Dan Geana"]
[Result "1/2-1/2"]
[WhiteCountry "INT"]
[BlackCountry "ROU"]
[WhiteElo "2483"]
[WhiteRD "97"]
[BlackElo "2529"]
[BlackRD "118"]
[GameID "398208"]

1. e4 e5 2. Nf3 Nc6 3. Bb5 a6 4. Ba4 Nf6 5. O-O Be7 6. Re1 b5 7. Bb3 O-O 8. c3 d6 9. h3 Bb7 10. d4 Re8
11. Ng5 Rf8 12. Nf3 Re8 13. Ng5=
1/2-1/2

[Event "2015 Standard Chess Dropout Tournament, Round 5"]
[Site "SchemingMind.com"]
[Date "2016.04.19"]
[Round "5"]
[White "John Elburg"]
[Black "saxon"]
[Result "1/2-1/2"]
[WhiteCountry "NED"]
[BlackCountry "GER"]
[WhiteElo "2525"]
[WhiteRD "101"]
[BlackElo "2583"]
[BlackRD "102"]
[GameID "398210"]

1. e4 c5 2. Nf3 d6 3. d4 cxd4 4. Nxd4 Nf6 5. Nc3 a6 6. Bg5 e6 7. f4 Qb6 8. Qd2 Nc6 9. Bxf6 gxf6 10. Nb3 Bd7
11. O-O-O O-O-O 12. Be2 h5 13. Rhf1 Kb8 14. Kb1 Be7 15. Rf3 h4 16. Qe1 Rhg8 17. Bf1 Rc8 18. Rh3 Rg4 19. Rxh4 Rxh4 20. Qxh4 f5
21. Qe1 fxe4 22. Nxe4 d5 23. g3 Qg1 24. h4 a5 25. Nc3 Rg8 26. Ne2 Qb6 27. Nbd4 a4 28. Nxc6+ bxc6 29. h5 Bf6 30. Nc3 Qb4
31. a3 Bxc3 32. axb4 Bxe1 33. Rxe1 Rxg3 34. Be2=
1/2-1/2

[Event "2015 Standard Chess Dropout Tournament, Round 5"]
[Site "SchemingMind.com"]
[Date "2016.04.23"]
[Round "5"]
[White "saxon"]
[Black "Selwyn"]
[Result "1/2-1/2"]
[WhiteCountry "GER"]
[BlackCountry "AUS"]
[WhiteElo "2584"]
[WhiteRD "107"]
[BlackElo "2597"]
[BlackRD "106"]
[GameID "398213"]

1. d4 Nf6 2. c4 e6 3. Nf3 b6 4. g3 Bb7 5. Bg2 Be7 6. O-O O-O 7. Re1 c5 8. d5 exd5 9. Nh4 Ne4 10. cxd5 Bxh4
11. Bxe4 Bf6 12. Nc3 d6 13. Bf4 Qe7 14. Qc2 h6 15. Bg2 Nd7 16. Rad1 Rfe8 17. Ne4 Be5 18. Bxe5 Nxe5 19. Nc3 Qc7 20. a4 a6
21. f4 Nd7 22. e4 c4 23. Qf2 Rab8 24. Qd4 Bc8 25. Bf1 b5 26. e5 dxe5 27. d6 Qc6=
1/2-1/2

[Event "2015 Standard Chess Dropout Tournament, Round 5"]
[Site "SchemingMind.com"]
[Date "2016.04.21"]
[Round "5"]
[White "Selwyn"]
[Black "chesshub"]
[Result "1/2-1/2"]
[WhiteCountry "AUS"]
[BlackCountry "FRA"]
[WhiteElo "2598"]
[WhiteRD "105"]
[BlackElo "2547"]
[BlackRD "85"]
[GameID "398214"]

1. d4 Nf6 2. c4 e6 3. Nf3 b6 4. g3 Ba6 5. Qa4 Bb7 6. Bg2 c5 7. dxc5 bxc5 8. O-O Be7 9. Nc3 O-O 10. Rd1 Qb6
11. Bf4 Rd8 12. Rd2 d6 13. Rad1 Na6 14. Qb5 Ne8 15. Ng5 Bxg2 16. Kxg2 Qxb5 17. Nxb5 Nb4 18. a3 Nc6 19. Ne4 e5 20. Be3 Nd4
21. Nbc3 f5 22. Bg5 Bxg5 23. Nxg5 Rab8 24. e3 Nb3 25. Rc2 h6 26. Nf3 Kf7 27. Nd5 Nf6 28. Nxf6 Kxf6 29. h4 e4 30. Ng1 Na5
31. Ne2 Rb3 32. Nc1 Rb6 33. Ne2 Rb3 34. Nc1=
1/2-1/2

[Event "2015 Standard Chess Dropout Tournament, Round 5"]
[Site "SchemingMind.com"]
[Date "2016.04.23"]
[Round "5"]
[White "thebirdolux"]
[Black "frankly"]
[Result "1/2-1/2"]
[WhiteCountry "USA"]
[BlackCountry "ENG"]
[WhiteElo "2488"]
[WhiteRD "83"]
[BlackElo "2468"]
[BlackRD "55"]
[GameID "398215"]

1. e4 e5 2. Nf3 Nc6 3. Bb5 a6 4. Ba4 Nf6 5. O-O Be7 6. Re1 b5 7. Bb3 d6 8. a4 b4 9. a5 O-O 10. h3 Be6
11. Bxe6 fxe6 12. d3 h6 13. c3 Rb8 14. Nbd2 Qe8 15. d4 bxc3 16. bxc3 exd4 17. Nxd4 Nxd4 18. cxd4 d5 19. exd5 Nxd5 20. Qg4 Bb4
21. Qxe6+ Qxe6=
1/2-1/2

[Event "2015 Standard Chess Dropout Tournament, Round 6"]
[Site "SchemingMind.com"]
[Date "2016.09.25"]
[Round "6"]
[White "Selwyn"]
[Black "Dan Geana"]
[Result "1/2-1/2"]
[WhiteCountry "AUS"]
[BlackCountry "ROU"]
[WhiteElo "2587"]
[WhiteRD "109"]
[BlackElo "2531"]
[BlackRD "111"]
[GameID "403994"]

1. d4 Nf6 2. c4 e6 3. g3 d5 4. Bg2 Be7 5. Nf3 O-O 6. O-O dxc4 7. Ne5 Nc6 8. Bxc6 bxc6 9. Nxc6 Qe8 10. Nxe7+ Qxe7
11. Qa4 e5 12. dxe5 Qxe5 13. Nc3 Ne4 14. Qxc4 Nxc3 15. bxc3 Be6 16. Qd3 Rad8 17. Bf4 Qh5 18. Qe3 Rfe8 19. Rfd1 Rxd1+ 20. Rxd1 f6
21. Bxc7 Bxa2 22. Rd8 Rxd8 23. Bxd8 h6 24. f3 a5 25. Bc7 a4 26. Bd6 Qb5 27. Kf2 Bf7 28. Ba3 Bc4 29. Qe4 f5 30. Qe7 Qb6+
31. Bc5 Qe6 32. Qxe6+ Bxe6 33. e4 fxe4 34. fxe4 Kf7 35. Ke3 g6 36. Kd4 Kf6 37. Bf8 h5 38. Ba3 Bc8 39. e5+ Kf5 40. c4 g5
41. Bb2 h4 42. gxh4 gxh4 43. Bc3 Bd7=
1/2-1/2

[Event "2015 Standard Chess Dropout Tournament, Round 6"]
[Site "SchemingMind.com"]
[Date "2016.09.25"]
[Round "6"]
[White "Dan Geana"]
[Black "chesshub"]
[Result "1/2-1/2"]
[WhiteCountry "ROU"]
[BlackCountry "FRA"]
[WhiteElo "2531"]
[WhiteRD "111"]
[BlackElo "2553"]
[BlackRD "76"]
[GameID "403995"]

1. e4 c6 2. d4 d5 3. e5 Bf5 4. Nf3 e6 5. Be2 Nd7 6. O-O h6 7. Nbd2 Ne7 8. Nb3 g5 9. Ne1 Qc7 10. Nd3 b6
11. Be3 Bg7 12. f4 c5 13. dxc5 gxf4 14. cxb6 axb6 15. Bxf4 Ng6 16. Bg3 O-O 17. c3 Be4 18. a4 Ndxe5 19. Nd4 Qc8 20. Nf2 Nc4
21. Qc1 Kh8 22. Nxe4 dxe4 23. b3 Nce5 24. Qe3 f5 25. Rad1 Qc5 26. h4 Rfc8 27. Bf2 Qe7 28. h5 Nf8 29. g4 fxg4 30. Qxe4 Nh7
31. Be3 Rg8 32. Bd3 Nxd3 33. Qxd3 Qh4 34. Rd2 Rad8 35. Rh2 Qg3+ 36. Rg2 Qh3 37. Rh2=
1/2-1/2

[Event "2015 Standard Chess Dropout Tournament, Round 6"]
[Site "SchemingMind.com"]
[Date "2016.09.23"]
[Round "6"]
[White "saxon"]
[Black "thebirdolux"]
[Result "1/2-1/2"]
[WhiteCountry "GER"]
[BlackCountry "USA"]
[WhiteElo "2576"]
[WhiteRD "115"]
[BlackElo "2500"]
[BlackRD "102"]
[GameID "403998"]

1. e4 c5 2. Nf3 d6 3. d4 cxd4 4. Nxd4 Nf6 5. Nc3 a6 6. h3 e6 7. g4 b5 8. Bg2 Bb7 9. O-O h6 10. Re1 e5
11. Nf5 g6 12. Ng3 Nbd7 13. Nd5 h5 14. g5 Nxd5 15. exd5 Be7 16. h4 Rc8 17. c3 Rc4 18. Ne4 f5 19. gxf6 Nxf6 20. Qd3 Nxe4
21. Rxe4 Rxe4 22. Qxe4 Bxh4 23. Qxg6+ Kd7 24. Be3 Kc7 25. a4 Qg8 26. Qe4 Bg5 27. axb5=
1/2-1/2

[Event "2015 Standard Chess Dropout Tournament, Round 6"]
[Site "SchemingMind.com"]
[Date "2016.09.25"]
[Round "6"]
[White "thebirdolux"]
[Black "Selwyn"]
[Result "1/2-1/2"]
[WhiteCountry "USA"]
[BlackCountry "AUS"]
[WhiteElo "2531"]
[WhiteRD "99"]
[BlackElo "2587"]
[BlackRD "109"]
[GameID "403999"]

1. d4 Nf6 2. c4 e6 3. Nc3 Bb4 4. Qc2 O-O 5. e4 d5 6. e5 Ne4 7. Bd3 c5 8. Nf3 cxd4 9. Nxd4 Nd7 10. Bf4 Qh4
11. g3 Qh3 12. O-O-O Nxc3 13. bxc3 Ba3+ 14. Kb1 Nb6 15. Bf1 Qh5 16. Be2 Qg6 17. Be3 Be7 18. Qxg6 hxg6 19. Nb5 Bd7 20. Nc7 Rac8
21. Bxb6 axb6 22. cxd5 Rxc7 23. d6 Bxd6 24. Rxd6 g5 25. Rhd1 Bc6 26. R6d4 Bd5 27. c4 Bg2 28. Kb2 Rc5 29. f4 gxf4 30. gxf4 Bc6
31. Rd8 f6 32. exf6 gxf6 33. h4 Rxd8 34. Rxd8+ Kf7 35. h5 e5=
1/2-1/2